Accounting for Management (Record no. 946)

MARC details
000 -LEADER
Fixed length control field 00501nam a2200181 4500
003 - CONTROL NUMBER IDENTIFIER
Control field SEACOMMC
005 - DATE AND TIME OF LATEST TRANSACTION
Control field 20250429141400.0
008 - FIXED-LENGTH DATA ELEMENTS--GENERAL INFORMATION
Fixed length control field 241228b |||||||| |||| 00| 0 eng d
020 ## - INTERNATIONAL STANDARD BOOK NUMBER / ISBN
International Standard Book Number 81-259-0-553-7
Price Rs.200.00
040 ## - CATALOGING SOURCE
Original cataloging agency SEACOMMC
082 ## - DEWEY DECIMAL CLASSIFICATION NUMBER
Classification number 658.1511
Book Number B 575
100 ## - MAIN ENTRY--PERSONAL NAME
Personal name Bhattacharyya,S.K
245 1# - TITLE STATEMENT
Title Accounting for Management
Statement of responsibility S.K.Bhattacharyya & John Dearden
250 ## - EDITION STATEMENT
Edition statement 3rd rev.ed.
260 ## - IMPRINT
Place of publication New Delhi
Name of publisher Vikas Publiishing House
Date of publication 1997
650 ## - SUBJECT ADDED ENTRY--TOPICAL TERM
Topical term Accounting
942 ## - ADDED ENTRY ELEMENTS (KOHA)
Koha item type Books
Holdings
Withdrawn status Lost status Source of classification Damaged status Not for loan Home library Current library Shelving location Date acquired Total Checkouts Call number Accession number Date last seen Price effective from Koha item type Copy number
    Dewey Decimal Classification     SEACOM MANAGEMENT COLLEGE SEACOM MANAGEMENT COLLEGE Reference 15/12/2007   658.1511 B 575 M-1384 28/12/2024 28/12/2024 Books  
    Dewey Decimal Classification     SEACOM MANAGEMENT COLLEGE SEACOM MANAGEMENT COLLEGE   15/12/2007   658.1511 B 575 M-1385 28/12/2024 28/12/2024 Books 1
    Dewey Decimal Classification     SEACOM MANAGEMENT COLLEGE SEACOM MANAGEMENT COLLEGE   15/12/2007   658.1511 B 575 M-1386 28/12/2024 28/12/2024 Books 2
    Dewey Decimal Classification     SEACOM MANAGEMENT COLLEGE SEACOM MANAGEMENT COLLEGE   15/12/2007   658.1511 B 575 M-1387 28/12/2024 28/12/2024 Books 3
    Dewey Decimal Classification     SEACOM MANAGEMENT COLLEGE SEACOM MANAGEMENT COLLEGE   15/12/2007   658.1511 B 575 M-1388 28/12/2024 28/12/2024 Books 4
© Seacom Engineering College, All rights reserved.    Powered by Koha